[Event "VIE-ch U11 Girls"]
[Site "Ho Chi Minh City"]
[Date "2022.07.14"]
[Round "6"]
[White "Nguyen, Phuong Ly"]
[Black "Tran, Thi Thu Ha"]
[Result "1/2-1/2"]
[WhiteElo "2157"]
[BlackElo "2149"]
[PlyCount "52"]
[EventDate "2022.07.11"]
[EventType "swiss"]
[EventRounds "9"]
[EventCountry "VIE"]
[SourceTitle "EXT 2023"]
[Source "ChessBase"]
[SourceDate "2022.10.05"]
[SourceVersion "1"]
[SourceVersionDate "2022.10.05"]
[SourceQuality "1"]

1. e4 e5 2. Nf3 d6 3. Bc4 Nf6 4. Nc3 Be7 5. d3 Bg4 6. h3 Bh5 7. Bg5 h6 8. Bh4 Nc6 9. 0-0 Nd4 10. Bg3 Nxf3+ 11. gxf3 0-0 12. Kg2 a5 13. a4 c6 14. Qd2 Bg6 15. f4 exf4 16. Bxf4 d5 17. exd5 cxd5 18. Bb3 Bd6 19. Bg3 Bb4 20. Rfe1 d4 21. Re2 dxc3 22. bxc3 Bd6 23. Rb1 Bh5 24. Ree1 Qd7 25. Qe3 Qc6+ 26. Kh2 Bxg3+ 1/2-1/2

[Event "VIE-ch U11 Girls"]
[Site "Ho Chi Minh City"]
[Date "2022.07.12"]
[Round "2"]
[White "Tran, Nguyen Ha Anh"]
[Black "Tran, Thi Thu Ha"]
[Result "1-0"]
[WhiteElo "2164"]
[BlackElo "2149"]
[PlyCount "129"]
[EventDate "2022.07.11"]
[EventType "swiss"]
[EventRounds "9"]
[EventCountry "VIE"]
[SourceTitle "EXT 2023"]
[Source "ChessBase"]
[SourceDate "2022.10.05"]
[SourceVersion "1"]
[SourceVersionDate "2022.10.05"]
[SourceQuality "1"]

1. e4 e5 2. Nf3 Nc6 3. d4 exd4 4. Nxd4 Nxd4 5. Qxd4 Qf6 6. e5 Qb6 7. Qxb6 axb6 8. Bd3 d6 9. Bf4 dxe5 10. Bxe5 Nf6 11. Bxc7 Bc5 12. 0-0 0-0 13. Nc3 Bd7 14. Rad1 Bc6 15. h3 h6 16. Rfe1 Rac8 17. Bg3 b5 18. Nxb5 Bxb5 19. Bxb5 Rfd8 20. Bd3 Nh5 21. Be5 Re8 22. Bf5 Ra8 23. a3 Ra5 24. Bd4 Rxe1+ 25. Rxe1 g6 26. Re8+ Bf8 27. Bd3 Ng7 28. Rb8 Rd5 29. Bc3 Rd7 30. Bb4 Ne6 31. Bc4 Kg7 32. Bxe6 Rd1+ 33. Kh2 Bxb4 34. axb4 fxe6 35. Rxb7+ Kf6 36. Kg3 Rd2 37. Rc7 Kg5 38. Rc5+ Kf6 39. b5 Rd8 40. b6 Rb8 41. Rb5 Ke7 42. c4 Kd6 43. b4 Kc6 44. Rc5+ Kb7 45. Rb5 Kc6 46. b7 Kc7 47. Kf4 Kc6 48. Ke5 Kd7 49. c5 Kc6 50. Rb6+ Kd7 51. c6+ Kc7 52. Ra6 Kd8 53. Ra8 Kc7 54. Rxb8 Kxb8 55. b5 Kc7 56. Kxe6 g5 57. b6+ Kb8 58. Kd7 g4 59. c7+ Kxb7 60. c8Q+ Kxb6 61. Kd6 gxh3 62. Qc5+ Ka6 63. Qb4 hxg2 64. Kc6 g1Q 65. Qb6# 1-0

[Event "VIE-ch U11 Girls"]
[Site "Ho Chi Minh City"]
[Date "2022.07.12"]
[Round "3"]
[White "Tran, Thi Thu Ha"]
[Black "Vo, Nguyen Hong Uyen"]
[Result "0-1"]
[WhiteElo "2149"]
[BlackElo "2156"]
[PlyCount "124"]
[EventDate "2022.07.11"]
[EventType "swiss"]
[EventRounds "9"]
[EventCountry "VIE"]
[SourceTitle "EXT 2023"]
[Source "ChessBase"]
[SourceDate "2022.10.05"]
[SourceVersion "1"]
[SourceVersionDate "2022.10.05"]
[SourceQuality "1"]

1. e4 e5 2. Nc3 Nf6 3. Bc4 Bc5 4. h3 d6 5. Nf3 h6 6. d3 Nc6 7. 0-0 0-0 8. Nd5 Bd7 9. c3 a5 10. Be3 Ba7 11. a3 Be6 12. b4 axb4 13. axb4 b6 14. Qd2 Bxd5 15. Bxd5 Nxd5 16. exd5 Ne7 17. c4 c5 18. dxc6 Nxc6 19. b5 Na5 20. Qc2 f5 21. d4 e4 22. Nd2 f4 23. Nxe4 fxe3 24. fxe3 Rc8 25. Nd2 d5 26. Rxf8+ Qxf8 27. Ra4 Qe7 28. Qd3 Nxc4 29. Nxc4 dxc4 30. Rxc4 Rxc4 31. Qxc4+ Kh7 32. Qd3+ Kh8 33. e4 Bb8 34. Qc4 Qc7 35. Qxc7 Bxc7 36. Kf2 Kg8 37. d5 Kf7 38. Ke3 Kf6 39. g4 g5 40. Kd4 Be5+ 41. Ke3 Ke7 42. Kd3 Kd6 43. Kc4 Bf4 44. Kd4 Bh2 45. Kc4 Bg1 46. Kd3 Kc5 47. Kc3 Bh2 48. Kd3 Kxb5 49. Kd4 Ka6 50. e5 Kb7 51. e6 Kc7 52. Kc4 Bd6 53. Kd4 Be7 54. Ke5 b5 55. Kd4 Kd6 56. Ke4 b4 57. Kd4 b3 58. Kc3 Kxd5 59. Kxb3 Kxe6 60. Kc3 Ke5 61. Kd2 Kf4 62. Ke2 Kg3 0-1